Call of Duty Black Ops 2 Ultimate Quiz - Statistics

General Stats
  • This quiz has been taken 2,584 times
    2,565 since last reset
  • The average score is 46 of 114
Answer Stats
Weapons Answer % Correct
Assault AN-94
90%
Sniper Rifle DSR 50
76%
Sniper Rifle Ballista
74%
Pistol Tac-45
69%
Sub-Machine MP7
68%
Sub-Machine MSMC
68%
Assault M8A1
66%
Shotgun KSG
65%
Assault FAL-OSW
64%
Assault MTAR
64%
Launcher RPG
64%
Equipment-Lethal Semtex
64%
Sub-Machine PDW-57
63%
350 Points UAV
62%
Light-Machine LSAT
61%
Special Ballistic Knife
60%
Equipment-Tactical Flashbang
60%
Equipment-Lethal Grenade
60%
Assault Scar-H
60%
Special Crossbow
59%
Pistol B23R
55%
Pistol Five-Seven
55%
Pistol KAP-40
55%
Sniper Rifle SVU-AS
55%
Sniper Rifle XPR-50
55%
Sub-Machine Peacekeeper
54%
Sub-Machine Skorpion EVO
54%
Sub-Machine Chicom CQB
53%
Assault Type 25
53%
Sub-Machine Vector K10
53%
Special Assault Shield
52%
600 Points Counter UAV
52%
Equipment-Lethal C4
51%
1900 Points Swarm
51%
Assault M27
50%
Assault Swat-556
50%
Pistol Executioner
49%
1700 Points K9 Unit
49%
450 Points RC-XD
48%
Assault SMR
48%
Equipment-Lethal Claymore
47%
Equipment-Tactical EMP Grenade
47%
1300 Points EMP Systems
47%
Light-Machine HAMR
47%
550 Points Care Package
46%
Equipment-Tactical Concussion
46%
Perk 1 Ghost
46%
Perk 2 Scavenger
45%
Attachment Reflex
44%
Shotgun S12
44%
Equipment-Lethal Bouncing Betty
43%
Attachment Fast Mag
43%
Shotgun M1216
43%
Equipment-Tactical Shock Charge
43%
Attachment ACOG
42%
Equipment-Lethal Combat Axe
41%
Shotgun R870 MCS
40%
Attachment Fore Grip
39%
525 Points Hunter Killer
39%
Launcher SMAW
39%
1200 Points Orbital V-SAT
38%
Perk 1 Lightweight
36%
Light-Machine MK 48
34%
800 Points Sentry Gun
34%
1600 Points VTOL Warship
34%
Attachment Adjustable Stock
33%
Attachment FMJ
33%
Attachment Quickdraw
33%
Equipment-Tactical Smoke Grenade
33%
700 Points Hellstorm Missile
32%
750 Points Lightning Strike
32%
650 Points Guardian
31%
Equipment-Tactical Tactical Insertion
31%
Perk 2 Cold Blooded
30%
Perk 3 Dead Silence
30%
Perk 2 Fast Hands
30%
Perk 1 Hardline
30%
Attachment Laser Sight
30%
1100 Points Stealth Chopper
30%
Perk 3 Dexterity
29%
Perk 1 Flak Jacket
29%
1500 Points Lodestar
29%
Attachment Suppressor
29%
900 points War Machine
29%
850 Points Death Machine
28%
Light-Machine QBB LSW
28%
Attachment Target Finder
28%
1400 Points Warthog
28%
1000 Points AGR
26%
Equipment-Tactical Black Hat
26%
Attachment Long Barrel
26%
Perk 2 Toughness
26%
Attachment Rapid Fire
25%
1250 Points Escort Drone
24%
Launcher FHJ-18AA
24%
Perk 3 Tactical Mask
23%
Attachment Extended Clip
22%
Perk 3 Engineer
21%
Equipment-Tactical Sensor Grenade
21%
975 Points Dragonfire
20%
Perk 3 Extreme Conditioning
19%
Attachment Grenade Launcher
19%
Attachment Select Fire
19%
Perk 3 Awareness
17%
Perk 1 Blind Eye
17%
Attachment Dual Band
15%
Attachment Hybrid Optic
15%
Attachment Iron Sights
15%
Attachment Variable Zoom
15%
Attachment Dual Wield
13%
Perk 2 Hard Wired
13%
Attachment Ballistics CPU
12%
Attachment Millimeter Scanner
12%
Attachment Tactical Knife
9%
No matching quizzes found
Score Distribution
Percent of People with Each Score
Percentile by Number Answered
Your Score History
You have not taken this quiz since the last reset